Top 50 Albums from 1974 - Statistics

General Stats
  • This quiz has been taken 15 times
  • The average score is 9 of 50
Answer Stats
Artist Album % Correct
#18: Kraftwerk Autobahn
64%
#1: King Crimson Red
64%
#43: David Bowie Diamond Dogs
57%
#46: Queen Sheer Heart Attack
50%
#3: Brian Eno Here Come the Warm Jets
43%
#2: Neil Young On the Beach
43%
#14: Yes Relayer
43%
#23: Sparks Kimono My House
36%
#5: Genesis The Lamb Lies Down on Broadway
36%
#11: Frank Zappa Apostrophe (')
29%
#34: Roxy Music Country Life
29%
#15: Supertramp Crime of the Century
29%
#6: Camel Mirage
29%
#25: Steely Dan Pretzel Logic
29%
#39: Sparks Propaganda
29%
#21: King Crimson Starless and Bible Black
29%
#9: Brian Eno Taking Tiger Mountain (By Strategy)
29%
#13: Joni Mitchell Court & Spark
21%
#29: Stevie Wonder Fulfillingness' First Finale
21%
#12: Richard & Linda Thompson I Want to See the Bright Lights Tonight
21%
#16: Van Morrison Veedon Fleece
21%
#7: Jorge Ben A Tábua de Esmeralda
14%
#28: Robin Trower Bridge of Sighs
14%
#33: Randy Newman Good Old Boys
14%
#42: Gram Parsons Grievous Angel
14%
#44: Bob Marley & the Wailers Natty Dread
14%
#27: Tangerine Dream Phaedra
14%
#4: Robert Wyatt Rock Bottom
14%
#50: Lynyrd Skynyrd Second Helping
14%
#24: Fela Ransome-Kuti & the Africa 70 Confusion
7%
#8: Miles Davis Get Up With It
7%
#30: Shuggie Otis Inspiration Information
7%
#40: John Coltrane Interstellar Space
7%
#22: Leonard Cohen New Skin for the Old Ceremony
7%
#10: Gene Clark No Other
7%
#20: Big Star Radio City
7%
#17: Blue Öyster Cult Secret Treaties
7%
#35: Funkadelic Standing on the Verge of Getting It On
7%
#36: Gong You
7%
#32: Nino Rota Amarcord
0%
#26: Lucio Battisti Anima Latina
0%
#41: Berliner Philharmoniker / Rafael Kubelík Aus der Neuen Welt
0%
#47: Cartola Cartola
0%
#49: Elis Regina & Antônio Carlos Jobim Elis & Tom
0%
#45: John Cale Fear
0%
#38: Magma Köhntarkösz
0%
#19: Dadawah Peace and Love
0%
#48: Nino Rota / Carmine Coppola The Godfather, Part II
0%
#37: Gentle Giant The Power and the Glory
0%
#31: Peter Hammill The Silent Corner and the Empty Stage
0%
No matching quizzes found
Score Distribution
Percent of People with Each Score
Percentile by Number Answered
Your Score History
You have not taken this quiz